00425naa a2200157 45000050016000000100013000160200026000290350013000550370015000680820006000831000016000892450043001052600035001482700062001833000022002452011072209019.0 aB-453546 a9780143335634c125.00 aB-453546 bRBC/VENDER aS aJain, Madhu1 aThe emperor 's ring /cby Satyajit Ray aNew DelhibPenguin Booksc2003 a11, Community Centre, Panchsheel ParkbNew Delhie110 017 a105p.c18cm (Pbk)